La insolvencia en el derecho concursal iberoamericano (Registro nro. 3364)

Detalles MARC
000 -LEADER
fixed length control field 01381 a2200373 4500
001 - CONTROL NUMBER
control field 41096
005 - DATE AND TIME OF LATEST TRANSACTION
control field 20260407155704.0
008 - FIXED-LENGTH DATA ELEMENTS--GENERAL INFORMATION
fixed length control field 260407a2006 arg spa d
003 - CONTROL NUMBER IDENTIFIER
control field AR-UNSa-BCEJYS
040 ## - CATALOGING SOURCE
Original cataloging agency AR-UNSa-BCEJYS
Language of cataloging spa
Transcribing agency AR-UNSa-BCEJYS
080 ## - UNIVERSAL DECIMAL CLASSIFICATION NUMBER
Universal Decimal Classification number 347.736
Common auxiliary subdivision Quiebra. Insolvencia. Suspensión de pagos. Bancarrota, procedimientos. Derecho Concursal
020 ## - INTERNATIONAL STANDARD BOOK NUMBER
International Standard Book Number 978-950-894-590-7
041 ## - LANGUAGE CODE
Language code of text/sound track or separate title spa
100 1# - MAIN ENTRY--PERSONAL NAME
Personal name Bima, María del Carmen
245 10 - TITLE STATEMENT
Title La insolvencia en el derecho concursal iberoamericano
264 #1 - PRODUCTION, PUBLICATION, DISTRIBUTION, MANUFACTURE, AND COPYRIGHT NOTICE
Place of production, publication, distribution, manufacture Buenos Aires :
Name of producer, publisher, distributor, manufacturer AD-HOC
Date of production, publication, distribution, manufacture, or copyright notice 2006
300 ## - PHYSICAL DESCRIPTION
Extent 239 p.
Dimensions 23 cm.
505 ## - FORMATTED CONTENTS NOTE
Formatted contents note 1. La jurisdicción concursal - 2. Crisis empresarias - 3. Reforma de los sistemas concursales iberoamericanos - 4. La quiebra transnacional
590 ## - LOCAL NOTE (RLIN)
Local note niveau_biblio:m niveau_hierar:0
700 1# - ADDED ENTRY--PERSONAL NAME
Personal name Vaiser, Lidia
700 1# - ADDED ENTRY--PERSONAL NAME
Personal name Kleidermacher, Arnoldo
700 1# - ADDED ENTRY--PERSONAL NAME
Personal name Richard, Efraín Hugo
700 1# - ADDED ENTRY--PERSONAL NAME
Personal name Rouillon, Adolfo A.N.
700 1# - ADDED ENTRY--PERSONAL NAME
Personal name Ruiz, Sergio G.
700 1# - ADDED ENTRY--PERSONAL NAME
Personal name Sanguino Sánchez, Jesús M.
700 1# - ADDED ENTRY--PERSONAL NAME
Personal name Candelario Macías, María I.
700 1# - ADDED ENTRY--PERSONAL NAME
Personal name Vázquez Sotelo, José L.
700 1# - ADDED ENTRY--PERSONAL NAME
Personal name García Priani, Jaime
700 1# - ADDED ENTRY--PERSONAL NAME
Personal name Silva Oropeza, Antonio
700 1# - ADDED ENTRY--PERSONAL NAME
Personal name Carbonell O´Brien, Esteban
700 1# - ADDED ENTRY--PERSONAL NAME
Personal name Creimer, Israel
856 41 - ELECTRONIC LOCATION AND ACCESS
Uniform Resource Identifier <a href="https://biblioeco.unsa.edu.ar/pmb/images/libros/L126360.jpg">https://biblioeco.unsa.edu.ar/pmb/images/libros/L126360.jpg</a>
Link text Imagen de portada
Electronic format type image/jpeg
942 ## - ADDED ENTRY ELEMENTS (KOHA)
Koha item type
Existencias
Withdrawn status Lost status Damaged status Not for loan Home library Current library Shelving location Date acquired Total checkouts Full call number Barcode Date last seen Price effective from Koha item type
        Biblioteca Prof. Eusebio Cleto del Rey Biblioteca Prof. Eusebio Cleto del Rey   07/04/2026   347.736 V132 L126360 07/04/2026 07/04/2026 Libro
        Biblioteca Prof. Eusebio Cleto del Rey Biblioteca Prof. Eusebio Cleto del Rey   07/04/2026   347.736 V132 L126380 07/04/2026 07/04/2026 Libro
        Biblioteca Prof. Eusebio Cleto del Rey Biblioteca Prof. Eusebio Cleto del Rey   07/04/2026   347.736 V132 L126430 07/04/2026 07/04/2026 Libro